Album de fotografías

Guardat en:
Dades bibliogràfiques
Autor principal: Matta Vattier, Paulina (autora)
Format: Llibre
Idioma:espanyol
Publicat: Santiago Andrés Bello 1987
Matèries:
Etiquetes: Afegir etiqueta
Sense etiquetes, Sigues el primer a etiquetar aquest registre!

MARC

LEADER 00000nam a2200000 a 4500
001 UCW8623
003 CL-VaPUC
008 881010e19870000CL |||||||||||||||||spa|d
082 0 4 |a Ch863  |b MAT  |2 21 
100 |a Matta Vattier, Paulina  |e autora  |9 774395 
245 1 0 |a Album de fotografías 
300 |a 133 p 
942 |c BK 
945 |d 19881010 00:00:00  |a rbrito 
260 |a Santiago  |b Andrés Bello  |c 1987 
500 |a Premio de novela Andrés Bello 1986 
650 0 |a Novelas chilenas   |9 265425 
583 |a last modification  |c 19881010 00:00:00  |k Rodrigo Vera 
999 |c 220951  |d 220949 
952 |0 0  |1 0  |4 0  |6 CH_863_000000000000000_MAT_1987  |7 0  |8 A  |9 213793  |a BIBEDU  |b BIBEDU  |c ES_NOD  |d 2019-11-15  |i 2820897  |o Ch863 MAT 1987  |p 2820897  |r 2023-08-09  |w 2019-11-15  |y BK  |k LIT